| 000 | 00379 a2200157 4500 | ||
|---|---|---|---|
| 003 | Nust | ||
| 005 | 20170207154205.0 | ||
| 040 | _cNust | ||
| 082 | _a428 | ||
| 100 | _aJudy Garton | ||
| 245 |
_aBBC beginner's English _b2 Stage Two Workbook _cJudy Garton |
||
| 260 |
_aLondon _bBBC English _c1987 |
||
| 300 | _a61.p | ||
| 538 | _aAlmirah No.17and Shelf No.1 | ||
| 650 | _a Greenall, Simon | ||
| 942 | _cREF | ||
| 999 |
_c194849 _d194849 |
||